[Event "Weekend Ostia Antica"]
[Site "Ostia - Roma ITA"]
[Date "1996.??.??"]
[Round "1"]
[White "Scacco, Mauro"]
[Black "Spano' Cuomo, Gaetano"]
[Result "1/2-1/2"]
[WhiteElo "2055"]
[BlackElo "1704"]
[PlyCount "84"]
[EventDate "1996.??.??"]

1. e4 e5 2. Nf3 Nc6 3. Bb5 a6 4. Ba4 Nf6 5. O-O Be7 6. Re1 b5 7. Bb3 d6 8. c3
Bg4 9. d3 O-O 10. Nbd2 Na5 11. Bc2 c5 12. Nf1 Nc6 13. h3 Bh5 14. Ng3 Bg6 15.
Nh4 Ne8 16. Nxg6 fxg6 17. Be3 Qd7 18. Rf1 Nc7 19. f4 Bh4 20. Ne2 Kh8 21. Qd2 a5
22. a4 b4 23. Bb3 Rae8 24. Kh2 exf4 25. Nxf4 Ne7 26. g3 Bf6 27. Rae1 d5 28.
Bxc5 bxc3 29. bxc3 dxe4 30. Rxe4 Nf5 31. Rfe1 Rxe4 32. Rxe4 Rb8 33. Bc4 Qxa4
34. g4 Qa1 35. Ne2 Nh4 36. Qf4 Qe1 37. Bf2 Qf1 38. Qg3 Rf8 39. Bc5 Be5 40. Rxe5
Nf3+ 41. Qxf3 Rxf3 42. Ng3 Rxg3 1/2-1/2

[Event "Weekend Ostia Antica"]
[Site "Ostia - Roma ITA"]
[Date "1996.??.??"]
[Round "1"]
[White "Trebeschi, Andrea"]
[Black "Moroni, Marco"]
[Result "1-0"]
[WhiteElo "1756"]
[BlackElo "1842"]
[PlyCount "81"]
[EventDate "1996.??.??"]

1. e4 e5 2. Nf3 Nf6 3. Nc3 Nc6 4. Bb5 Nd4 5. Ba4 c6 6. d3 d6 7. Nxd4 exd4 8.
Ne2 Qa5+ 9. c3 dxc3 10. bxc3 Bg4 11. f3 Be6 12. Bb3 d5 13. e5 Nd7 14. d4 c5 15.
O-O Be7 16. Bd2 Qc7 17. Nf4 Qc6 18. Nxe6 Qxe6 19. Ba4 a6 20. Bxd7+ Qxd7 21. a4
O-O 22. Qe2 c4 23. f4 b5 24. axb5 axb5 25. Qf3 Ra4 26. f5 f6 27. e6 Qb7 28. Qg3
Kh8 29. Bf4 Qc6 30. Qh4 b4 31. Rab1 bxc3 32. Rf3 c2 33. Rc1 Ra3 34. Be3 Kg8 35.
Rh3 h6 36. Bxh6 Rxh3 37. Qxh3 Qb6 38. Qg4 g5 39. fxg6 Qb2 40. Be3 Qb3 41. Qh3
1-0

[Event "Weekend Ostia Antica"]
[Site "Ostia - Roma ITA"]
[Date "1996.??.??"]
[Round "2"]
[White "Arca', Luciano"]
[Black "Scacco, Mauro"]
[Result "0-1"]
[WhiteElo "1510"]
[BlackElo "2055"]
[PlyCount "43"]
[EventDate "1996.??.??"]

1. e4 e5 2. Nf3 Nc6 3. d4 exd4 4. Bc4 Be7 5. O-O d6 6. Nxd4 Nf6 7. Nxc6 bxc6 8.
Re1 O-O 9. Bg5 Nxe4 10. Bxe7 Qxe7 11. Nd2 d5 12. Bd3 f5 13. c4 Ba6 14. Bxe4
fxe4 15. Qa4 Qc5 16. Rf1 e3 17. Nf3 Bxc4 18. b4 Qb6 19. Qa5 Bxf1 20. Qxb6 cxb6
21. Kxf1 g5 22. g4 0-1

[Event "Weekend Ostia Antica"]
[Site "Ostia - Roma ITA"]
[Date "1996.??.??"]
[Round "2"]
[White "Barro, Carlo"]
[Black "Pezzaldi, Roberto"]
[Result "1-0"]
[WhiteElo "1771"]
[BlackElo "2013"]
[PlyCount "81"]
[EventDate "1996.??.??"]

1. e4 e6 2. d4 d5 3. Nd2 c5 4. Ngf3 cxd4 5. exd5 Qxd5 6. Bc4 Qd6 7. O-O Nf6 8.
Qe2 Be7 9. Bb5+ Bd7 10. Nc4 Qc5 11. Bxd7+ Nfxd7 12. b4 Qh5 13. b5 O-O 14. Rb1
Rc8 15. Bf4 Qd5 16. Nfd2 Nb6 17. Ne5 f6 18. Nd3 Rxc2 19. Rfc1 Rxc1+ 20. Rxc1
N8d7 21. Qg4 Rc8 22. Rxc8+ Nxc8 23. Bh6 Bf8 24. a4 Qf5 25. Qxd4 Ncb6 26. Be3 e5
27. Qc3 Qe6 28. a5 Na4 29. Qc2 Nac5 30. Nxc5 Qd5 31. Nxd7 Qxd7 32. Qb3+ Kh8 33.
Ne4 Qe7 34. b6 axb6 35. axb6 Qd7 36. h3 h5 37. Qc4 f5 38. Ng5 f4 39. Qe4 g6 40.
Qxe5+ Kg8 41. Bd4 1-0

[Event "Weekend Ostia Antica"]
[Site "Ostia - Roma ITA"]
[Date "1996.??.??"]
[Round "2"]
[White "Brandi, Flaviano"]
[Black "Petruccioli, Antonio"]
[Result "0-1"]
[WhiteElo "1755"]
[BlackElo "2007"]
[PlyCount "54"]
[EventDate "1996.??.??"]

1. e4 c5 2. Nf3 a6 3. a4 d6 4. d4 cxd4 5. Nxd4 Nf6 6. Nc3 g6 7. Be2 Bg7 8. Be3
O-O 9. O-O b6 10. f4 Bb7 11. Bf3 Nbd7 12. Nb3 Qc7 13. Qd2 Rac8 14. Rad1 b5 15.
axb5 axb5 16. Rf2 Qb8 17. Bd4 Rc4 18. Qe2 Rfc8 19. e5 Bxf3 20. Rxf3 dxe5 21.
fxe5 Ng4 22. Rxf7 Kxf7 23. e6+ Kg8 24. Qxg4 Nf6 25. Qg5 Rd8 26. Na5 Rcxd4 27.
Rxd4 Rxd4 0-1

[Event "Weekend Ostia Antica"]
[Site "Ostia - Roma ITA"]
[Date "1996.??.??"]
[Round "2"]
[White "Catena, Marco"]
[Black "Ridolfi, Raffaele"]
[Result "1-0"]
[WhiteElo "1630"]
[BlackElo "1672"]
[PlyCount "109"]
[EventDate "1996.??.??"]

1. d4 Nf6 2. c4 g6 3. Nc3 d5 4. Nf3 Bg7 5. Qb3 dxc4 6. Qxc4 O-O 7. e4 c6 8. Be2
Be6 9. Qd3 Qc7 10. Ng5 Bg4 11. Bxg4 Nxg4 12. Qh3 h5 13. f3 Nh6 14. Be3 Qd7 15.
Qxd7 Nxd7 16. O-O-O Rfd8 17. Rd2 Nf8 18. Rhd1 f6 19. Nh3 g5 20. Nf2 Nf7 21. h4
a6 22. Rh1 g4 23. fxg4 hxg4 24. Nxg4 Kh7 25. Ne2 Bh6 26. Bxh6 Nxh6 27. Nxh6
Kxh6 28. g4 Rd7 29. Nf4 Rad8 30. Rhd1 Ng6 31. Nxg6 Kxg6 32. Kc2 e6 33. b4 f5
34. gxf5+ exf5 35. e5 Kh5 36. Kc3 Kxh4 37. Rg2 Kh3 38. Rg6 Kh2 39. e6 Re7 40.
Rf1 Rf8 41. Rf4 Kh3 42. Kd3 Rh7 43. Ke3 Rh4 44. Rxh4+ Kxh4 45. Kf4 Kh5 46. Rg5+
Kh6 47. Rxf5 Re8 48. Ke5 Kg6 49. Rf7 b5 50. Kd6 Rd8+ 51. Rd7 Re8 52. Ke5 Rh8
53. Kd6 Re8 54. Kxc6 Rxe6+ 55. Rd6 {...} 1-0

[Event "Weekend Ostia Antica"]
[Site "Ostia - Roma ITA"]
[Date "1996.??.??"]
[Round "2"]
[White "Maddaloni, Giovanni"]
[Black "Fico, Tommaso"]
[Result "1/2-1/2"]
[WhiteElo "1583"]
[BlackElo "1570"]
[PlyCount "93"]
[EventDate "1996.??.??"]

1. e4 c5 2. Nc3 d6 3. g3 Nf6 4. Bg2 e5 5. h3 Nc6 6. d3 Be7 7. Nf3 Bd7 8. O-O
O-O 9. Ne2 Qc7 10. c3 b5 11. Nh4 Rab8 12. f4 Rfd8 13. f5 c4 14. dxc4 bxc4 15.
Qe1 Na5 16. g4 d5 17. exd5 Nxd5 18. g5 Bc5+ 19. Kh1 Ne3 20. Bxe3 Bxe3 21. Qg3
Bc5 22. f6 g6 23. Rab1 Bc6 24. Nd4 Bxg2+ 25. Nxg2 Bxd4 26. cxd4 Rxd4 27. Rfe1
Nc6 28. Ne3 Qd7 29. b4 cxb3 30. axb3 Nb4 31. Nc4 Qb7+ 32. Qg2 e4 33. Rbd1 Nd3
34. Rxd3 Rxd3 35. Na5 Qd5 36. Qxe4 Qxe4+ 37. Rxe4 Rd2 38. Nc6 Ra8 39. Nxa7 h5
40. Re7 Ra2 41. Nc6 Rc8 42. Ra7 Rb2 43. Ne7+ Kh7 44. Nxc8 Rxb3 45. Nd6 Rxh3+
46. Kg2 Rd3 47. Rxf7+ 1/2-1/2

[Event "Weekend Ostia Antica"]
[Site "Ostia - Roma ITA"]
[Date "1996.??.??"]
[Round "2"]
[White "Moroni, Marco"]
[Black "Quaglia, Ferdinando"]
[Result "1/2-1/2"]
[WhiteElo "1842"]
[BlackElo "1541"]
[PlyCount "92"]
[EventDate "1996.??.??"]

1. e4 c5 2. g3 Nc6 3. Bg2 g6 4. c3 Bg7 5. Ne2 Nf6 6. O-O O-O 7. d3 d5 8. Be3 d4
9. cxd4 cxd4 10. Bc1 e5 11. a3 Be6 12. b4 b5 13. Nd2 a5 14. bxa5 Qxa5 15. Nb3
Qb6 16. Bb2 Na5 17. Nxa5 Rxa5 18. h3 Nd7 19. f4 f6 20. Rc1 Nc5 21. fxe5 fxe5
22. Rxf8+ Bxf8 23. Qc2 Bb3 24. Qb1 Nxd3 25. Qxd3 Bc4 26. Rxc4 bxc4 27. Qxc4+
Kg7 28. Nf4 Bxa3 29. Bxa3 exf4 30. Qb4 Qxb4 31. Bxb4 Rb5 32. Bd6 fxg3 33. Bf1
Rb1 34. Be5+ Kf7 35. Bxd4 Ke6 36. Kg2 Rb4 37. Bg7 Rxe4 38. Kxg3 h5 39. Bh6 Kf6
40. h4 Rg4+ 41. Kh3 Rb4 42. Bg5+ Ke5 43. Kg2 Rg4+ 44. Kf3 Rxg5 45. hxg5 Kf5 46.
Bd3+ Kxg5 1/2-1/2

[Event "Weekend Ostia Antica"]
[Site "Ostia - Roma ITA"]
[Date "1996.??.??"]
[Round "2"]
[White "Perez, Giorgio"]
[Black "Cesarini, Lanfranco"]
[Result "1/2-1/2"]
[WhiteElo "1824"]
[BlackElo "1798"]
[PlyCount "103"]
[EventDate "1996.??.??"]

1. e4 e6 2. d4 d5 3. Nd2 c5 4. exd5 exd5 5. Ngf3 Nc6 6. Bb5 Bg4 7. O-O Nf6 8.
Re1+ Be7 9. dxc5 O-O 10. Nb3 a6 11. Bd3 Nb4 12. Bg5 Nxd3 13. Qxd3 Rc8 14. Rad1
h6 15. Bxf6 Bxf6 16. c3 Qc7 17. Qxd5 Be6 18. Qd6 Bxb3 19. Qxc7 Rxc7 20. axb3
Rxc5 21. Rd7 Rb5 22. b4 a5 23. Nd4 Bxd4 24. Rxd4 axb4 25. c4 Rc5 26. b3 b5 27.
Rd5 Rfc8 28. Rxc5 Rxc5 29. cxb5 Rxb5 30. Re4 f5 31. Rd4 Kf7 32. Kf1 Ke6 33. Ke2
g5 34. Kd3 Rd5 35. Kc4 Re5 36. Kxb4 Re2 37. Kc5 Rxf2 38. Rd6+ Ke5 39. Rxh6 Rc2+
40. Kb5 Rxg2 41. b4 f4 42. h4 f3 43. hxg5 Rxg5 44. Rh1 Kd4+ 45. Kc6 Kc4 46. b5
Rg6+ 47. Kd7 Kxb5 48. Rf1 Rf6 49. Ke7 Rf4 50. Ke6 Kc4 51. Ke5 Rf8 52. Ke4
1/2-1/2

[Event "Weekend Ostia Antica"]
[Site "Ostia - Roma ITA"]
[Date "1996.??.??"]
[Round "2"]
[White "Spano' Cuomo, Gaetano"]
[Black "Gardon, Ermanno"]
[Result "1-0"]
[WhiteElo "1704"]
[BlackElo "1716"]
[PlyCount "121"]
[EventDate "1996.??.??"]

1. d4 e6 2. c4 f5 3. Nc3 Nf6 4. Nf3 d5 5. Bf4 Be7 6. e3 O-O 7. Be2 c6 8. O-O
Ne4 9. Nd2 Na6 10. a3 Nc7 11. Bxc7 Qxc7 12. Ncxe4 fxe4 13. f3 Bd6 14. fxe4
Bxh2+ 15. Kh1 Bg3 16. Rxf8+ Kxf8 17. Qf1+ Qf7 18. Qxf7+ Kxf7 19. Nf1 Bh4 20.
Nh2 Bd7 21. exd5 exd5 22. Nf3 Bf6 23. cxd5 cxd5 24. Rc1 Rc8 25. Rxc8 Bxc8 26.
Kg1 Bf5 27. Kf2 Ke7 28. Nd2 Kd6 29. Nb3 Be7 30. Nc1 Kc6 31. Na2 b5 32. Bf3 Bd3
33. Nb4+ Bxb4 34. axb4 g5 35. Kg3 Bf5 36. Kf2 h6 37. Bh5 Be4 38. Be8+ Kb6 39.
Bd7 a5 40. bxa5+ Kxa5 41. g4 Kb4 42. Bf5 Bh1 43. Bd3 Kb3 44. Bxb5 Be4 45. Be2
Kxb2 46. Bf3 Bxf3 47. Kxf3 Kc3 48. Ke2 Kc4 49. Kd2 Kb5 50. Kd3 Kc6 51. e4 dxe4+
52. Kxe4 Kd6 53. Kf5 Kd5 54. Kg6 Kxd4 55. Kxh6 Ke5 56. Kxg5 Ke6 57. Kg6 Ke7 58.
Kg7 Ke6 59. g5 Ke7 60. g6 Ke8 61. Kh8 1-0

[Event "Weekend Ostia Antica"]
[Site "Ostia - Roma ITA"]
[Date "1996.??.??"]
[Round "2"]
[White "Trebeschi, Andrea"]
[Black "Mogranzini, Roberto"]
[Result "0-1"]
[WhiteElo "1756"]
[BlackElo "1771"]
[PlyCount "134"]
[EventDate "1996.??.??"]

1. e4 c5 2. Nf3 d6 3. Nc3 Nf6 4. d4 cxd4 5. Nxd4 a6 6. Be2 e6 7. Be3 Be7 8. f3
Qc7 9. Qd2 Nc6 10. g4 b5 11. a3 Bb7 12. h4 Nd7 13. Nxc6 Bxc6 14. Bd4 Rg8 15. h5
Nb6 16. b3 Rc8 17. Bd3 Nd7 18. Qe2 Bb7 19. Nd1 Nc5 20. Bb2 Nxd3+ 21. cxd3 d5
22. Rc1 Qg3+ 23. Qf2 Qxf2+ 24. Kxf2 Rxc1 25. Bxc1 Kd7 26. Bb2 Rc8 27. Ne3 Bg5
28. Ke2 f6 29. Rb1 e5 30. exd5 Bxe3 31. Kxe3 Bxd5 32. b4 Rc2 33. Bc1 g6 34.
hxg6 hxg6 35. f4 exf4+ 36. Kxf4 Ke6 37. Be3 g5+ 38. Kg3 Rg2+ 39. Kh3 Re2 40.
Bc5 Rg2 41. Re1+ Kf7 42. Re3 Kg6 43. Rg3 Rd2 44. Re3 f5 45. d4 Rd1 46. Re5 Rh1+
47. Kg3 f4+ 48. Kf2 Bc4 49. d5 Rf1+ 50. Kg2 f3+ 51. Kg3 Be2 52. d6 Rd1 53. Re4
Rd5 54. Rd4 f2 55. Kxf2 Rxd4 56. Bxd4 Bxg4 57. Kg3 Bd7 58. Be3 Kf5 59. Bd2 g4
60. Be3 Ke4 61. Bf4 Kd3 62. Kf2 Kc2 63. Ke3 Kb2 64. Kd4 Kxa3 65. Ke5 Kxb4 66.
Kf6 Kc5 67. Be3+ Kxd6 0-1

[Event "Weekend Ostia Antica"]
[Site "Ostia - Roma ITA"]
[Date "1996.??.??"]
[Round "2"]
[White "Vannelli, Vittorio"]
[Black "Pompa, Alessandro"]
[Result "0-1"]
[WhiteElo "1633"]
[BlackElo "2091"]
[PlyCount "85"]
[EventDate "1996.??.??"]

1. d4 Nf6 2. c4 e6 3. Nf3 b6 4. a3 Bb7 5. Nc3 d5 6. e3 Be7 7. Ne5 O-O 8. cxd5
exd5 9. Qc2 Re8 10. Bb5 c6 11. Bd3 Bd6 12. f4 c5 13. Nb5 Ba6 14. Nxd6 Bxd3 15.
Qxd3 Qxd6 16. dxc5 bxc5 17. Bd2 Ne4 18. O-O f6 19. Nf3 Nd7 20. Bc3 Qe6 21. Rad1
Nb6 22. Rfe1 Re7 23. Nd2 Nxd2 24. Qxd2 Rae8 25. Qd3 Qg4 26. h3 Qg3 27. Qb5 d4
28. Bd2 dxe3 29. Ba5 Qf2+ 30. Kh1 e2 31. Rc1 Nd5 32. Qc4 Qd4 33. Qb5 Nxf4 34.
Rxc5 Qe4 35. Qb3+ Kh8 36. Qg3 Nd3 37. Rh5 Nxe1 38. Bxe1 Re5 39. Rh4 Qb1 40. Rg4
g6 41. Rb4 Rd8 42. Kh2 Qd3 43. Qf2 $138 0-1

[Event "Weekend Ostia Antica"]
[Site "Ostia - Roma ITA"]
[Date "1996.??.??"]
[Round "2"]
[White "Vanzan, Alessandro"]
[Black "Rotondi, Paolo"]
[Result "0-1"]
[WhiteElo "1411"]
[BlackElo "1591"]
[PlyCount "50"]
[EventDate "1996.??.??"]

1. c4 e5 2. Nc3 Nf6 3. g3 d5 4. cxd5 Nxd5 5. Bg2 Nb6 6. e3 Nc6 7. Nge2 Be7 8.
O-O Be6 9. b3 Qd7 10. Re1 h5 11. h4 O-O-O 12. a4 g5 13. a5 Nd5 14. hxg5 Bxg5
15. Ne4 Be7 16. a6 b6 17. Bb2 h4 18. gxh4 Rxh4 19. N2g3 Bh3 20. Bh1 Rg8 21. Rc1
f5 22. Rxc6 fxe4 23. Rc4 Bg4 24. Qc1 Rxh1+ 25. Kxh1 Bf3+ 0-1

[Event "Weekend Ostia Antica"]
[Site "Ostia - Roma ITA"]
[Date "1996.??.??"]
[Round "2"]
[White "Verrascina, Nicola"]
[Black "De Francesco, Massimo"]
[Result "1-0"]
[WhiteElo "2090"]
[BlackElo "1740"]
[PlyCount "41"]
[EventDate "1996.??.??"]

1. e4 e6 2. d3 d5 3. Nd2 Nf6 4. Ngf3 dxe4 5. dxe4 Bc5 6. Bd3 Nc6 7. e5 Nd5 8.
O-O Bd7 9. Ne4 Be7 10. c4 Ndb4 11. Bb1 a5 12. a3 Na6 13. Be3 b6 14. Qe2 Nc5 15.
Bxc5 bxc5 16. Rd1 O-O 17. Qd3 f5 18. exf6 Bxf6 19. Nxf6+ Qxf6 20. Qxh7+ Kf7 21.
Rxd7+ 1-0

[Event "Weekend Ostia Antica"]
[Site "Ostia - Roma ITA"]
[Date "1996.??.??"]
[Round "3"]
[White "Cesarini, Lanfranco"]
[Black "Brandi, Flaviano"]
[Result "1/2-1/2"]
[WhiteElo "1798"]
[BlackElo "1755"]
[PlyCount "34"]
[EventDate "1996.??.??"]

1. e4 e5 2. Nf3 Nc6 3. Bc4 Bc5 4. O-O Nf6 5. d3 d6 6. Bg5 Bg4 7. c3 O-O 8. h3
Be6 9. Nbd2 a6 10. b4 Bb6 11. Qb3 Qe7 12. a4 h6 13. Bh4 a5 14. b5 Nb8 15. d4
Bxc4 16. Nxc4 Nbd7 17. Nxb6 Nxb6 1/2-1/2

[Event "Weekend Ostia Antica"]
[Site "Ostia - Roma ITA"]
[Date "1996.??.??"]
[Round "3"]
[White "De Francesco, Massimo"]
[Black "Di Lascio, Savino"]
[Result "0-1"]
[WhiteElo "1740"]
[BlackElo "1621"]
[PlyCount "90"]
[EventDate "1996.??.??"]

1. c4 Nf6 2. f4 b6 3. Nc3 Bb7 4. d3 g6 5. e4 d6 6. Nf3 Bg7 7. Be2 O-O 8. O-O
Nc6 9. d4 e5 10. d5 Nd4 11. fxe5 Nxe2+ 12. Qxe2 dxe5 13. Bg5 Qe7 14. Qf2 h6 15.
Bxf6 Bxf6 16. Rad1 Bg7 17. Nh4 Qb4 18. Qe2 Kh7 19. Rf3 Ba6 20. Nb5 Bxb5 21.
cxb5 f5 22. a3 Qc5+ 23. Qe3 Qe7 24. g3 f4 25. Qc3 g5 26. Nf5 Rxf5 27. exf5 e4
28. Qc2 Qc5+ 29. Qxc5 bxc5 30. Rff1 f3 31. Rfe1 Re8 32. d6 cxd6 33. Rxd6 e3 34.
Kf1 Bxb2 35. Re6 Rxe6 36. fxe6 e2+ 37. Kf2 g4 38. Rxe2 Bd4+ 39. Ke1 Bc3+ 40.
Rd2 Kg6 41. a4 Kf6 42. Kd1 Bxd2 43. Kxd2 Kxe6 44. a5 Kd6 45. b6 axb6 0-1

[Event "Weekend Ostia Antica"]
[Site "Ostia - Roma ITA"]
[Date "1996.??.??"]
[Round "3"]
[White "Fico, Tommaso"]
[Black "Moroni, Marco"]
[Result "0-1"]
[WhiteElo "1570"]
[BlackElo "1842"]
[PlyCount "48"]
[EventDate "1996.??.??"]

1. e4 e5 2. Nf3 Nf6 3. Nc3 Nc6 4. Bc4 Bc5 5. d3 O-O 6. Bg5 Be7 7. Qd2 a6 8.
Bxf6 Bxf6 9. g4 Nd4 10. Nxd4 exd4 11. Nd5 Bg5 12. f4 Bh4+ 13. Ke2 c6 14. Rhg1
cxd5 15. Bxd5 d6 16. f5 Bg5 17. Qe1 Bd7 18. h4 Be3 19. Rg3 Bc6 20. Bb3 d5 21.
exd5 Bxd5 22. Bxd5 Qxd5 23. h5 Rfe8 24. Qf1 Bf4+ 0-1

[Event "Weekend Ostia Antica"]
[Site "Ostia - Roma ITA"]
[Date "1996.??.??"]
[Round "3"]
[White "Gardon, Ermanno"]
[Black "Maddaloni, Giovanni"]
[Result "1/2-1/2"]
[WhiteElo "1716"]
[BlackElo "1583"]
[PlyCount "62"]
[EventDate "1996.??.??"]

1. e4 c5 2. Nf3 d6 3. d4 cxd4 4. Nxd4 Nf6 5. Nc3 g6 6. Be3 Bg7 7. f3 O-O 8. Qd2
Nc6 9. Bc4 Bd7 10. h4 Rc8 11. Bb3 Ne5 12. O-O-O Nc4 13. Bxc4 Rxc4 14. g4 b5 15.
h5 b4 16. Nce2 Qa5 17. Kb1 Rfc8 18. hxg6 fxg6 19. Bh6 Bh8 20. Rc1 Bxg4 21. fxg4
Nxe4 22. Qe3 d5 23. Rcf1 e5 24. Nf5 gxf5 25. Rxf5 Rxc2 26. Rhf1 Bg7 27. Bxg7
Kxg7 28. Rf7+ Kg6 29. Qd3 Qc5 30. R1f6+ Kg5 31. Rf5+ Kg6 1/2-1/2

[Event "Weekend Ostia Antica"]
[Site "Ostia - Roma ITA"]
[Date "1996.??.??"]
[Round "3"]
[White "Mogranzini, Roberto"]
[Black "Spano' Cuomo, Gaetano"]
[Result "1/2-1/2"]
[WhiteElo "1771"]
[BlackElo "1704"]
[PlyCount "129"]
[EventDate "1996.??.??"]

1. e4 e5 2. Nf3 Nc6 3. d4 d6 4. dxe5 Nxe5 5. Nxe5 dxe5 6. Qxd8+ Kxd8 7. Nc3 Be6
8. Be3 c6 9. O-O-O+ Kc7 10. f4 f6 11. a3 Bd6 12. Be2 exf4 13. Bf2 Ne7 14. Bf3
Ng6 15. Ne2 Be5 16. Rd2 Rhd8 17. Rhd1 Rxd2 18. Rxd2 Rd8 19. Rxd8 Kxd8 20. Bxa7
Kc7 21. Bc5 b6 22. Bb4 c5 23. Bd2 Kd6 24. b3 c4 25. b4 Kc6 26. c3 Kd6 27. Nd4
Nh4 28. Be1 Nxf3 29. gxf3 Bh3 30. Kd2 g5 31. Bf2 Bg2 32. Ke2 h5 33. Nf5+ Kc6
34. Be1 Kb5 35. h4 Ka4 36. Ne7 gxh4 37. Bxh4 Bxc3 38. Nd5 Bd4 39. Nxf4 Bh1 40.
Nxh5 Kxa3 41. Nf4 Kxb4 42. Nd5+ Kb3 43. Be1 b5 44. Nb4 Bg2 45. Nc6 Bb6 46. Bb4
c3 47. Bf8 c2 48. Bh6 Kb2 49. Nb4 Kb1 50. Nd3 b4 51. Nxb4 c1=Q 52. Bxc1 Kxc1
53. Nd5 Bd4 54. Nf4 Bh1 55. Kd3 Be5 56. Ke3 Kc2 57. Nd5 Bg2 58. Nb4+ Kc3 59.
Nd5+ Kc4 60. Nf4 Bf1 61. Ne6 Bh3 62. Nf8 Kc5 63. Ng6 Bb2 64. f4 Kd6 65. e5+
1/2-1/2

[Event "Weekend Ostia Antica"]
[Site "Ostia - Roma ITA"]
[Date "1996.??.??"]
[Round "3"]
[White "Petruccioli, Antonio"]
[Black "Verrascina, Nicola"]
[Result "1/2-1/2"]
[WhiteElo "2007"]
[BlackElo "2090"]
[PlyCount "83"]
[EventDate "1996.??.??"]

1. e4 Nc6 2. d4 e5 3. d5 Nce7 4. Bg5 h6 5. Bh4 g5 6. Bg3 Ng6 7. Nf3 d6 8. Bd3
Nf4 9. Bxf4 gxf4 10. Nc3 Nf6 11. Qe2 Bg4 12. O-O-O c5 13. dxc6 bxc6 14. Bc4 Qb6
15. g3 Nd7 16. h3 Bh5 17. g4 Bg6 18. Nh4 Rb8 19. Bb3 Nc5 20. Qc4 Qb4 21. f3 a5
22. a4 Nxb3+ 23. cxb3 Rb6 24. Nxg6 Qxc4 25. bxc4 fxg6 26. Kc2 Be7 27. b3 Kf7
28. Nb1 Rb7 29. h4 Ke6 30. h5 g5 31. Rd3 Rhb8 32. Nd2 Rd8 33. Rd1 Rbd7 34. Kc3
Rb8 35. c5 d5 36. exd5+ cxd5 37. c6 Rc7 38. Kb2 Rxc6 39. Nb1 d4 40. Nd2 Bb4 41.
Nc4 Bc3+ 42. Kc2 1/2-1/2

[Event "Weekend Ostia Antica"]
[Site "Ostia - Roma ITA"]
[Date "1996.??.??"]
[Round "3"]
[White "Pezzaldi, Roberto"]
[Black "Catena, Marco"]
[Result "1-0"]
[WhiteElo "2013"]
[BlackElo "1630"]
[PlyCount "75"]
[EventDate "1996.??.??"]

1. c4 Nf6 2. Nc3 e6 3. g3 d5 4. b3 c5 5. cxd5 exd5 6. d4 Nc6 7. Nf3 cxd4 8.
Nxd4 Bb4 9. Bb2 Ne4 10. Nxc6 bxc6 11. Qd4 Qg5 12. f4 Bxc3+ 13. Bxc3 Qf6 14.
Qxe4+ dxe4 15. Bxf6 gxf6 16. Rc1 Bd7 17. Bg2 f5 18. Kf2 Rc8 19. Rc5 Ke7 20.
Rhc1 Be6 21. Rxc6 Rxc6 22. Rxc6 Rc8 23. Rxc8 Bxc8 24. Ke3 Kd6 25. Kd4 Be6 26.
e3 f6 27. Bf1 Bd7 28. Kc4 Kc6 29. Kb4 Kb6 30. Bc4 Bc8 31. Bd5 Bd7 32. Kc4 Bc8
33. Bg8 h6 34. Kd5 Kb5 35. a3 a5 36. Be6 Bb7+ 37. Kd4 a4 38. Bd7+ 1-0

[Event "Weekend Ostia Antica"]
[Site "Ostia - Roma ITA"]
[Date "1996.??.??"]
[Round "3"]
[White "Pompa, Alessandro"]
[Black "Barro, Carlo"]
[Result "1-0"]
[WhiteElo "2091"]
[BlackElo "1771"]
[PlyCount "131"]
[EventDate "1996.??.??"]

1. d4 Nf6 2. c4 g6 3. Nc3 Bg7 4. e4 d6 5. f3 O-O 6. Be3 c6 7. Bd3 Qc7 8. Nge2
e5 9. Qd2 Nbd7 10. O-O Nh5 11. Kh1 Re8 12. d5 Nf8 13. g4 Nf6 14. Ng3 Kh8 15.
Rf2 a6 16. Rg1 cxd5 17. Nxd5 Nxd5 18. cxd5 b5 19. Rc1 Qe7 20. Qa5 Bd7 21. Rc7
Bf6 22. Rfc2 Bg5 23. Bxg5 Qxg5 24. Qb6 Qf6 25. Kg2 h5 26. h3 hxg4 27. fxg4 Rec8
28. Rxc8 Rxc8 29. Qxa6 Rxc2+ 30. Bxc2 Qf4 31. Bd3 Qd2+ 32. Be2 Qxb2 33. Qxd6
Kg8 34. a3 Kg7 35. Qb4 Qc2 36. Kf2 Kg8 37. Nf1 Qc1 38. Qb3 Nh7 39. Qe3 Qb2 40.
h4 Nf6 41. Kg3 Qa1 42. g5 Qe1+ 43. Kg2 Ne8 44. Bg4 Qxe3 45. Nxe3 Bxg4 46. Nxg4
Nd6 47. Nf6+ Kf8 48. Nd7+ Ke7 49. Nxe5 Nxe4 50. Kf3 Nd2+ 51. Ke3 Nb1 52. Kd4
Nxa3 53. Kc5 Nc2 54. d6+ Ke8 55. Kxb5 Nd4+ 56. Kb6 Ne6 57. Kc6 Nd8+ 58. Kc7
Ne6+ 59. Kc8 Nd8 60. Nd7 Ne6 61. Nf6+ Kf8 62. d7 Ke7 63. Nd5+ Kd6 64. d8=Q+
Nxd8 65. Kxd8 Kxd5 66. Ke7 1-0

[Event "Weekend Ostia Antica"]
[Site "Ostia - Roma ITA"]
[Date "1996.??.??"]
[Round "3"]
[White "Quaglia, Ferdinando"]
[Black "Arca', Luciano"]
[Result "1-0"]
[WhiteElo "1541"]
[BlackElo "1510"]
[PlyCount "69"]
[EventDate "1996.??.??"]

1. d4 Nf6 2. c4 c5 3. d5 b5 4. cxb5 a6 5. Nc3 d6 6. e4 Nbd7 7. bxa6 Bxa6 8.
Bxa6 Rxa6 9. h3 g6 10. Nf3 Bg7 11. Qe2 Ra8 12. a4 O-O 13. O-O Ne8 14. Bg5 Ne5
15. Nxe5 Bxe5 16. Bh6 Bg7 17. Bxg7 Nxg7 18. f4 e6 19. Rfe1 Re8 20. dxe6 Nxe6
21. f5 Nd4 22. Qf2 Rf8 23. f6 Kh8 24. Nd5 Nc6 25. Qh4 h5 26. Nf4 Rg8 27. Nxh5
g5 28. Qg3 Rg6 29. h4 Qg8 30. hxg5 Qh7 31. Nf4 Rgg8 32. Re3 Rge8 33. g6 fxg6
34. Nxg6+ Kg8 35. Ne5+ 1-0

[Event "Weekend Ostia Antica"]
[Site "Ostia - Roma ITA"]
[Date "1996.??.??"]
[Round "3"]
[White "Ridolfi, Raffaele"]
[Black "Vanzan, Alessandro"]
[Result "1-0"]
[WhiteElo "1672"]
[BlackElo "1411"]
[PlyCount "141"]
[EventDate "1996.??.??"]

1. d4 Nf6 2. c4 g6 3. Nc3 Bg7 4. e4 d6 5. Nge2 O-O 6. Ng3 Na6 7. Be2 c5 8. d5
Nc7 9. h4 h5 10. Kf1 Ng4 11. f3 Nh6 12. Qe1 e6 13. Be3 f5 14. exf5 Nxf5 15.
Nxf5 exf5 16. f4 Qe7 17. Rh3 Ne8 18. Bf2 Nf6 19. Re3 Qf7 20. Bf3 Re8 21. Qd2
Rxe3 22. Bxe3 Bd7 23. Re1 Ng4 24. Bxg4 fxg4 25. g3 a6 26. Ne4 Qf8 27. Ng5 Re8
28. b3 Bf6 29. Qf2 Bf5 30. a3 Bc3 31. Bd2 Bd3+ 32. Kg2 Bd4 33. Be3 Be4+ 34.
Nxe4 Rxe4 35. Bxd4 Rxd4 36. Re6 Kh7 37. Qe3 Qf5 38. Qe2 Rd3 39. Re7+ Kh6 40. b4
Rc3 41. Re4 Rxa3 42. bxc5 Ra2 43. Qxa2 Qxe4+ 44. Kh2 dxc5 45. Qb2 Qe8 46. Qd2
Qd7 47. f5+ Kg7 48. Qb2+ Kg8 49. fxg6 b5 50. Qe2 bxc4 51. Qxc4 Qd6 52. Qe4 Kg7
53. Qd3 Qxg6 54. Qc3+ Qf6 55. Qxc5 Qf1 56. Qe7+ Qf7 57. Qg5+ Qg6 58. Qe5+ Kh7
59. d6 Qc2+ 60. Kg1 Qd1+ 61. Kf2 Qf3+ 62. Ke1 Qh1+ 63. Kd2 Qg2+ 64. Ke3 Qf3+
65. Kd4 Qd1+ 66. Kc5 Qc2+ 67. Kd5 Qb3+ 68. Kc6 Qc4+ 69. Kd7 Qf7+ 70. Qe7 Kg8
71. Qxf7+ 1-0

[Event "Weekend Ostia Antica"]
[Site "Ostia - Roma ITA"]
[Date "1996.??.??"]
[Round "3"]
[White "Rotondi, Paolo"]
[Black "Vannelli, Vittorio"]
[Result "0-1"]
[WhiteElo "1591"]
[BlackElo "1633"]
[PlyCount "58"]
[EventDate "1996.??.??"]

1. c4 d6 2. Nc3 f5 3. d4 e5 4. dxe5 dxe5 5. Qxd8+ Kxd8 6. Bg5+ Ke8 7. O-O-O Bd7
8. Nd5 Na6 9. Nf3 Bd6 10. Bd2 Nf6 11. Nxf6+ gxf6 12. g3 Nc5 13. Bh3 Ne4 14. Be3
Rd8 15. Nh4 f4 16. Bxd7+ Rxd7 17. gxf4 exf4 18. Rd4 Ng5 19. Bxf4 Ne6 20. Re4
Bxf4+ 21. e3 Be5 22. f4 Nc5 23. fxe5 Nxe4 24. e6 Rd2 25. Nf5 Rf2 26. Nd4 Rg8
27. h4 Rgg2 28. b3 Rxa2 29. Kb1 Nc3+ 0-1

[Event "Weekend Ostia Antica"]
[Site "Ostia - Roma ITA"]
[Date "1996.??.??"]
[Round "3"]
[White "Scacco, Mauro"]
[Black "Perez, Giorgio"]
[Result "1-0"]
[WhiteElo "2055"]
[BlackElo "1824"]
[PlyCount "63"]
[EventDate "1996.??.??"]

1. e4 c5 2. Nf3 Nc6 3. Bb5 g6 4. O-O Bg7 5. Re1 Nf6 6. e5 Nd5 7. d4 cxd4 8.
Nxd4 Nxd4 9. Qxd4 Qa5 10. Bd2 Qxb5 11. c4 Qb6 12. Qxd5 e6 13. Qd3 Qxb2 14. Nc3
Qb6 15. Nb5 O-O 16. Bb4 Re8 17. Bd6 Qc6 18. Nc7 b6 19. c5 Bb7 20. f3 Rec8 21.
Nxa8 Bxa8 22. Rec1 b5 23. Rab1 a6 24. a4 Bb7 25. axb5 axb5 26. Qxb5 Qxb5 27.
Rxb5 Bc6 28. Rb8 Rxb8 29. Bxb8 Bf8 30. Bd6 Bxd6 31. cxd6 h5 32. Rxc6 1-0